| 000 | 00890nam a2200253Ia 4500 | ||
|---|---|---|---|
| 001 | 885 | ||
| 003 | GE_BSU | ||
| 008 | 181216s||||||||xx |||||||||||||| ||und|| | ||
| 020 | _a5769521414 | ||
| 040 | _cGE_BSU | ||
| 080 | _a582(075.8) | ||
| 100 | _aЕленевский,А.Г.;Соловьева,М.П.;Тихомиров,В.Н. | ||
| 245 | _aБотаника. Систематика высших или наземетных растении | ||
| 245 | _bУч-к для студ. высш.педагогич.учебн.завед. по спец. "биология | ||
| 250 | _a4-е испр. | ||
| 260 | _aМосква | ||
| 260 | _bАкадемия | ||
| 260 | _c2006 | ||
| 300 | _a464стр. | ||
| 541 | _h90л. | ||
| 653 | _aБотаника. Систематика высших или наземных растении | ||
| 653 | _aბოტანიკა | ||
| 942 | _cBK | ||
| 999 |
_c35045 _d35045 |
||